Statistiques concernant Liste des capitales les plus hautes du monde (altitude)

Cliquez ici pour prendre le quiz!

Statistiques générales

  • Ce quiz a été pris 232 fois
  • Le résultat moyen est 9 sur 20

Statistiques - réponses

ContinentAltitudeRéponse% Correct
Amérique du Sud3640mLa Paz
86%
Amérique du Sud2625mBogota
81%
Amérique du Sud2850mQuito
79%
Amérique du Nord2240mMexico
78%
Asie1400mKatmandou
74%
Amérique du Sud2750mSucre
61%
Afrique1795mNairobi
54%
Asie1350mOulan Bator
47%
Asie2648mThimphou
43%
Asie1790mKaboul
40%
Afrique2355mAddis Abeba
39%
Amérique du Nord1529mGuatemala City
38%
Afrique1567mKigali
34%
Afrique1271mPretoria
34%
Afrique1483mHarare
28%
Afrique1673mMaseru
21%
Afrique2325mAsmara
19%
Afrique1721mWindhoek
18%
Afrique1288mAntananarivo
14%
Asie2250mSana'a
8%

Distribution des résultats

Percentile par nombre de réponses

% des personnes avec chaque résultat

Votre développement - résultats

Vous n’avez pas pris ce quiz